[Event "HZ Open"]
[Site "Vlissingen NED"]
[Date "2004.08.08"]
[Round "2"]
[White "Jansen,C"]
[Black "Kasimdzhanov,R"]
[Result "0-1"]
[WhiteElo "2279"]
[BlackElo "2640"]

1.c4 g6 2.Nc3 Bg7 3.g3 Nf6 4.Bg2 O-O 5.Nf3 Nc6 6.O-O d6 7.d3 e5 8.Rb1 a5
9.a3 h6 10.b4 axb4 11.axb4 Be6 12.b5 Ne7 13.Bb2 Nd7 14.Qc2 f5 15.Ra1 Rb8
16.Nd2 Nf6 17.Ra7 c6 18.Rfa1 d5 19.Na4 Nd7 20.Ba3 e4 21.Rb1 Bd4 22.b6 f4
23.gxf4 e3 24.Nf3 exf2+ 25.Kh1 Be3 26.Bd6 Bxf4 27.Bxb8 Qxb8 28.cxd5 Nxd5
29.Nc5 Nxc5 30.Qxc5 Be3 31.Qc2 Bxb6 32.Ra4 Be3 33.Qb2 Qc8 34.Qe5 Bf4 35.Qa1 Ne3
36.Ra7 Rf7 37.Ra8 Bb8 38.Ne5 Qc7 39.Rxb8+ Qxb8 40.Nxf7 Kxf7 41.Bxc6 bxc6  0-1

[Event "HZ Open"]
[Site "Vlissingen NED"]
[Date "2004.08.13"]
[Round "8"]
[White "Hammer,J"]
[Black "Kasimdzhanov,R"]
[Result "0-1"]
[WhiteElo "2095"]
[BlackElo "2640"]

1.e4 c5 2.Nf3 e6 3.Nc3 a6 4.g3 b5 5.Bg2 Bb7 6.d3 d6 7.O-O Nd7 8.Re1 Ngf6
9.e5 dxe5 10.Nxe5 Bxg2 11.Kxg2 Nxe5 12.Rxe5 Be7 13.Qf3 O-O 14.Re1 Qd7 15.a4 b4
16.Ne4 Nd5 17.Be3 Rac8 18.Nd2 Bf6 19.Nc4 Qc6 20.a5 Rfd8 21.h4 h6 22.Re2 Rb8
23.Kh2 Rb5 24.Rg1 Ne7 25.Qg4 Nf5 26.b3 Qd5 27.Qe4 Nd6 28.Qf4 Nb7 29.Qc7 Nxa5
30.Bxh6 Nc6 31.Qf4 Qh5 32.Qe4 gxh6 33.g4 Qxh4+ 34.Kg2 Rd4  0-1

[Event "1st Master Rapid Open"]
[Site "Benidorm ESP"]
[Date "2004.11.20"]
[Round "2"]
[White "Gonzalez Rodriguez,JA"]
[Black "Kasimdzhanov,R"]
[Result "0-1"]
[WhiteElo "2354"]
[BlackElo "2650"]

1.b3 e5 2.Bb2 Nc6 3.e3 Nf6 4.Nf3 e4 5.Ne5 Be7 6.d4 O-O 7.Be2 Nb8 8.Nc4 d5
9.Ncd2 c6 10.c4 Re8 11.h3 Na6 12.Nc3 Nc7 13.Qc2 Be6 14.c5 Nd7 15.b4 f5 16.g3 Nf6
17.Nb3 Qd7 18.O-O-O Bf7 19.Kb1 Ne6 20.h4 Bh5 21.Bxh5 Nxh5 22.Qe2 Nf6 23.b5 Rec8
24.Ka1 b6 25.bxc6 Rxc6 26.cxb6 axb6 27.Rc1 Qa7 28.Rc2 Rc4 29.Rb1 b5 30.Bc1 Qc7
31.Bb2 Qc6 32.Rbc1 Qa6 33.Nd2 b4 34.Nxc4 dxc4 35.a3 b3 36.Nb1 bxc2 37.Rxc2 Rc8
38.Nd2 Bxa3 39.Rxc4 Rb8 40.Rc1  0-1

[Event "1st Master Rapid Open"]
[Site "Benidorm ESP"]
[Date "2004.11.21"]
[Round "6"]
[White "Minzer,C"]
[Black "Kasimdzhanov,R"]
[Result "1/2-1/2"]
[WhiteElo "2424"]
[BlackElo "2650"]

1.d4 Nf6 2.c4 e6 3.Nc3 Bb4 4.e3 O-O 5.a3 Bxc3+ 6.bxc3 b6 7.Bd3 Bb7 8.f3 d6
9.Ne2 c5 10.e4 Nfd7 11.O-O Nc6 12.f4 cxd4 13.cxd4 e5 14.Bb2 Rc8 15.Rc1 Re8
16.fxe5 dxe5 17.d5 Ne7 18.Ng3 Ng6 19.Nf5 Nc5 20.Qf3 Nxd3 21.Qxd3 Rc7 22.Qg3 Bc8
23.a4 f6 24.Ba3 Bxf5 25.exf5 Nf8 26.d6 Rc8 27.c5 bxc5 28.Qb3+ Kh8 29.Bxc5 Qd7
30.Qb5 a6 31.Qxd7 Nxd7 32.Ba3 h5 33.Rc7 Rxc7 34.dxc7 Rc8 35.Rc1 Nb6 36.a5 Nd5
37.Bd6 Ne3 38.Bc5 Nxf5 39.Bb6 Kg8 40.Rd1 Nd4 41.Bxd4 exd4 42.Rxd4 Rxc7 43.Rd6 Rc2
44.Rxa6 Ra2 45.h3 h4 46.Ra7 Kh7 47.a6 Kh6 48.Kh2 g5 49.Ra8 Kg6 50.a7 Kf5
51.Kg1 Kf4 52.Rf8 Rxa7  1/2-1/2

[Event "1st Master Rapid Open"]
[Site "Benidorm ESP"]
[Date "2004.11.21"]
[Round "7"]
[White "Kasimdzhanov,R"]
[Black "Muelas Cerezuela,J"]
[Result "1-0"]
[WhiteElo "2650"]
[BlackElo "2104"]

1.e4 e6 2.d4 d5 3.Nc3 Nf6 4.Bg5 Bb4 5.exd5 Qxd5 6.Bxf6 Bxc3+ 7.bxc3 gxf6
8.Qd2 Nc6 9.Nf3 Bd7 10.Be2 Rg8 11.O-O Na5 12.Qd3 Bc6 13.Kh1 Ke7 14.c4 Qh5
15.Qa3+ Kd7 16.d5 Nxc4 17.dxc6+ bxc6 18.Bxc4 Qg4 19.Rfd1+ Ke8 20.Bf1 Rb8
21.Qxa7 Rb5 22.Qxc7 Kf8 23.Rd8+ Kg7 24.Rxg8+ Kxg8 25.Bxb5  1-0

[Event "ch-FRA Top 16 Poule Basse"]
[Site "Port Barcares FRA"]
[Date "2005.05.04"]
[Round "8"]
[White "Kasimdzhanov,R"]
[Black "Hamdouchi,H"]
[Result "1-0"]
[WhiteElo "2670"]
[BlackElo "2559"]

1.e4 e5 2.Nf3 Nf6 3.Nxe5 d6 4.Nf3 Nxe4 5.d4 d5 6.Bd3 Bd6 7.O-O O-O 8.c4 c6
9.Re1 Re8 10.Nc3 Nxc3 11.bxc3 Rxe1+ 12.Qxe1 h6 13.c5 Bf8 14.Ne5 Nd7 15.f4 Nxe5
16.fxe5 Be7 17.Bc2 Bg5 18.a4 b6 19.cxb6 axb6 20.Qg3 b5 21.Bxg5 Qxg5 22.Qxg5 hxg5
23.a5 Kf8 24.Kf2 Ke7 25.Kg3 Ra7 26.Bd3 Bd7 27.Kf3 Ra8 28.Be2 Bf5 29.Kg3 Bc2
30.Bf3 f5 31.h4 gxh4+ 32.Kxh4 Ke6 33.Kg5 c5 34.dxc5 Kxe5 35.a6 Be4 36.a7 d4
37.cxd4+ Kxd4 38.c6 b4 39.c7 b3 40.Rd1+ Ke3 41.Bxe4  1-0

[Event "3rd Rapid Open"]
[Site "Ajaccio FRA"]
[Date "2006.10.30"]
[Round "3"]
[White "Kasimdzhanov,R"]
[Black "Klinova,M"]
[Result "1-0"]
[WhiteElo "2672"]
[BlackElo "2330"]

1.d4 d6 2.c4 e5 3.d5 Be7 4.Nc3 Bg5 5.e3 f5 6.Nf3 Bf6 7.e4 Ne7 8.Bd3 O-O 9.exf5 Nxf5
10.Ne4 a5 11.O-O Na6 12.Bd2 b6 13.Qc2 g6 14.a3 Nc5 15.b4 Nxd3 16.Qxd3 axb4
17.axb4 Bd7 18.h3 Bg7 19.Rxa8 Qxa8 20.c5 bxc5 21.bxc5 dxc5 22.Nxc5 Bc8 23.Bc3 Nd4
24.Bxd4 exd4 25.Qc4 Rxf3 26.gxf3 Bxh3 27.Re1 Qd8 28.Ne6 Qf6 29.d6 Bxe6 30.Rxe6 Qd8  1-0

[Event "3rd Rapid Open"]
[Site "Ajaccio FRA"]
[Date "2006.10.30"]
[Round "6"]
[White "Drazic,S"]
[Black "Kasimdzhanov,R"]
[Result "0-1"]
[WhiteElo "2483"]
[BlackElo "2672"]

1.d4 Nf6 2.Nf3 e6 3.e3 b6 4.Bd3 Bb7 5.Nbd2 c5 6.O-O Be7 7.c3 cxd4 8.exd4 O-O
9.Re1 Nc6 10.Nf1 Rc8 11.Ng3 Re8 12.Qe2 Bf8 13.Ne4 Nxe4 14.Qxe4 f5 15.Qe2 Ne7
16.Ba6 Qc7 17.Bf4 Bxa6 18.Qxa6 Qxf4 19.Qxa7 Qc7 20.Qa4 Nd5 21.Qb3 Qc4 22.Qd1 Bd6
23.g3 Nf6 24.Nd2 Qd5 25.a4 f4 26.Qe2 Rf8 27.Qd3 Qh5 28.Qb5 Qh3 29.Qf1 Qf5
30.Qb5 Qxb5 31.axb5 fxg3 32.fxg3 Nd5 33.Ra7 Rc7 34.Ra4 Be7 35.Re2 Rxc3 36.bxc3 Nxc3
37.Re1 Nxa4 38.Nc4 Bf6 39.Ne5 Bxe5 40.Ra1  0-1

[Event "3rd Rapid KO"]
[Site "Ajaccio FRA"]
[Date "2006.10.31"]
[Round "1.1"]
[White "Kasimdzhanov,R"]
[Black "Horvath,Ad1"]
[Result "1-0"]
[WhiteElo "2672"]
[BlackElo "2495"]

1.d4 Nf6 2.c4 e6 3.Nc3 Bb4 4.Qc2 c5 5.dxc5 Bxc5 6.Nf3 Qb6 7.e3 Qc7 8.Nb5 Qd8
9.Bd2 a6 10.Nbd4 b6 11.Be2 Bb7 12.O-O O-O 13.Rfd1 Be7 14.Be1 d6 15.Rac1 Nbd7
16.Ng5 Re8 17.Bh5 g6 18.Bf3 Bxf3 19.Ngxf3 Qc7 20.b3 Rac8 21.Qe2 Qb7 22.Bc3 Bf8
23.Bb2 Bg7 24.h3 Nc5 25.Nc2 Nce4 26.Nb4 Red8 27.Nd2 Nc5 28.Nf1 Rd7 29.Ng3 Rcd8
30.Bc3 Nce4 31.Nxe4 Nxe4 32.Bxg7 Kxg7 33.Qb2+ Kg8 34.Qd4 Nc5 35.Qh4 Kg7 36.Rc2 a5
37.Nd3 Qe4 38.Qxe4 Nxe4 39.Nf4 g5 40.Ne2 d5 41.f3 Nc5 42.cxd5 Rxd5 43.Rxd5 Rxd5
44.Nd4 Kg6 45.g4 h5 46.Kf2 hxg4 47.hxg4 e5 48.Nf5 Rd1 49.Ke2 Ra1 50.Ne7+ Kg7
51.Nd5 e4 52.Nxb6 exf3+ 53.Kxf3 Nd3 54.Ke4 Nb4 55.Rc5 f6 56.Rxa5 Rg1 57.Kf3 Nd3
58.Nc4 Kg6 59.Rd5 Nb4 60.Rd2 Rf1+ 61.Kg2 Re1 62.a3 Nc6 63.Rd6 Na7 64.a4 Re2+
65.Kf3 Re1 66.Ne5+  1-0

[Event "3rd Rapid KO"]
[Site "Ajaccio FRA"]
[Date "2006.10.31"]
[Round "2.1"]
[White "Kasimdzhanov,R"]
[Black "Drozdovskij,Y"]
[Result "0-1"]
[WhiteElo "2672"]
[BlackElo "2561"]

1.d4 d5 2.c4 c6 3.Nc3 Nf6 4.e3 a6 5.Nf3 e6 6.b3 Bb4 7.Bd2 Qe7 8.Bd3 Nbd7
9.O-O e5 10.cxd5 Bxc3 11.Bxc3 Nxd5 12.Bb2 e4 13.Bxe4 Qxe4 14.Nd2 Qe7 15.e4 N5f6
16.e5 Nd5 17.Nc4 O-O 18.Ba3 Qg5 19.Bxf8 Nxf8 20.Nd6 Ng6 21.g3 Bh3 22.Re1 Rb8
23.Qf3 Be6 24.Ne4 Qg4 25.Qxg4 Bxg4 26.f4 Nge7 27.Kg2 h5 28.h3 Be6 29.Rad1 h4
30.gxh4 Nxf4+ 31.Kg3 Nfd5 32.Nd6 Nf5+ 33.Nxf5 Bxf5 34.h5 Rd8 35.Rd2 Nc3 36.Kf4 Bxh3
37.Rg1 Kh7 38.Rg3 Nd5+ 39.Ke4 Be6 40.Rdg2 Rg8 41.Rg1 Ne7 42.Rg5 g6 43.Kf4 Bf5
44.Ke3 Rd8 45.R5g2 Nd5+ 46.Kf3 Nb4 47.hxg6+ fxg6 48.Rh2+ Kg7 49.Rgh1 g5 50.Rh5 g4+
51.Kg3 Bg6 52.Rg5 Rxd4 53.Rxg4 Rxg4+ 54.Kxg4 Nd3 55.e6 Nf2+  0-1

[Event "3rd Rapid Open"]
[Site "Ajaccio FRA"]
[Date "2006.10.31"]
[Round "9"]
[White "Kasimdzhanov,R"]
[Black "Malaniuk,V"]
[Result "1/2-1/2"]
[WhiteElo "2672"]
[BlackElo "2534"]

1.d4 f5 2.Nf3 g6 3.g3 Nf6 4.Bg2 Bg7 5.O-O O-O 6.b4 d6 7.Bb2 Nc6 8.b5 Na5
9.Nbd2 a6 10.a4 Bd7 11.c4 c6 12.bxc6 Bxc6 13.d5 Bd7 14.Qb1 Rc8 15.Rc1 Ng4
16.Bxg7 Kxg7 17.Qb2+ Kg8 18.e3 Rc5 19.h3 Nf6 20.Nd4 Qc7 21.Bf1 Rc8 22.N2b3 Rxc4
23.Bxc4 Nxc4 24.Qe2 Nxd5 25.e4 fxe4 26.Qxe4 Nb4 27.Qxe7 Bxh3 28.Qh4 Qd7 29.Nf3 Qg4
30.Rxc4 Rxc4 31.Qd8+ Kg7 32.Qe7+  1/2-1/2

[Event "XV Asiad Men's Rapid"]
[Site "Doha QAT"]
[Date "2006.12.02"]
[Round "2"]
[White "Kasimdzhanov,R"]
[Black "Barsov,A"]
[Result "1-0"]
[WhiteElo "2672"]
[BlackElo "2537"]

1.e4 e6 2.d4 d5 3.Nc3 b6 4.Nf3 Nf6 5.Bd3 Be7 6.O-O dxe4 7.Nxe4 Bb7 8.Qe2 Nbd7
9.Neg5 h6 10.Nxe6 fxe6 11.Bg6+ Kf8 12.c4 Bd6 13.Ne5 Ke7 14.Nf7 Qg8 15.Re1 Qxf7
16.Bxf7 Kxf7 17.Qxe6+ Kg6 18.Bd2 Rhe8 19.Qh3 Re4 20.Rxe4 Bxe4 21.Re1 Bf5
22.Qf3 Rf8 23.Bf4 Bb4 24.Rf1 Kh7 25.c5 Ne4 26.a3 Nd2 27.Qd5 c6 28.Qxc6 Nxf1
29.axb4 bxc5 30.bxc5 Bd3 31.Qxd7 Rxf4 32.c6 Ne3 33.c7  1-0

[Event "XV Asiad Men's Rapid"]
[Site "Doha QAT"]
[Date "2006.12.04"]
[Round "7"]
[White "Al Sayed,Mohamad"]
[Black "Kasimdzhanov,R"]
[Result "0-1"]
[WhiteElo "2486"]
[BlackElo "2672"]

1.e4 e5 2.Nf3 Nc6 3.Bc4 Bc5 4.c3 Nf6 5.d3 d6 6.Bb3 a6 7.Nbd2 Ba7 8.h3 Ne7
9.Nf1 Ng6 10.Ng3 O-O 11.O-O Bd7 12.d4 h6 13.Re1 Bc6 14.Qc2 Re8 15.Be3 Qe7
16.Rad1 Qf8 17.dxe5 dxe5 18.Bxa7 Rxa7 19.Nd2 a5 20.a3 a4 21.Ba2 Raa8 22.Nc4 Qc5
23.Ne3 Nf4 24.Nef5 Qf8 25.Ne3 Rad8 26.Rxd8 Rxd8 27.Rd1 Rxd1+ 28.Qxd1 g6 29.Nc4 Qe7
30.Na5 Bxe4 31.Nxe4 Nxe4 32.Nxb7 Kg7 33.Qxa4 Qh4 34.Qc2 f5 35.Kf1 Qg5 36.g3 Nxh3
37.Qd1 h5 38.Qd7+ Kh6 39.Nd8 Qc1+  0-1

[Event "XV Asiad Men's Rapid"]
[Site "Doha QAT"]
[Date "2006.12.04"]
[Round "8"]
[White "Kasimdzhanov,R"]
[Black "Laylo,D"]
[Result "1-0"]
[WhiteElo "2672"]
[BlackElo "2448"]

1.d4 d5 2.c4 c6 3.Nf3 Nf6 4.Nc3 g6 5.e3 Bg7 6.Be2 O-O 7.O-O Nbd7 8.b3 a6
9.Bb2 b5 10.Ne5 Bb7 11.cxd5 cxd5 12.Nd3 Ne4 13.f3 Nd6 14.Qd2 Rc8 15.Rac1 Qb6
16.Kh1 Rfe8 17.Nf4 e6 18.Bd3 Rc7 19.Nce2 Rec8 20.Rxc7 Rxc7 21.Bc3 Qa7 22.Bb4 Bf8
23.Bb1 Ne8 24.Bxf8 Nxf8 25.Nd3 Qb6 26.Nc5 Nd7 27.b4 Nd6 28.Bd3 Nb8 29.e4 Nc6
30.a3 Ne7 31.Qf4 Bc8 32.Nc3 Ne8 33.Re1 Qd6 34.e5 Qb6 35.h4 Ng7 36.g4 Ra7
37.h5 Qd8 38.Kg2 Nc6 39.Rh1 g5 40.Qe3 h6 41.f4 f6 42.exf6 Qxf6 43.fxg5 hxg5
44.h6 Qxd4 45.Qxd4 Nxd4 46.hxg7 Rxg7 47.Re1 Rf7 48.Rf1 Nc6 49.Rxf7 Kxf7 50.Kf2 Ke7
51.Ne2 e5 52.Bf5 Bxf5 53.gxf5 a5 54.Nc3 axb4 55.Nxd5+ Kf7 56.axb4 Nxb4 57.Nxb4 Kf6
58.Ne4+ Kxf5 59.Ke3 g4 60.Nd3 Ke6 61.Nb4 Kf5 62.Nd5 Ke6 63.Nc7+ Kd7 64.Nxb5 Kc6
65.Nbc3 Kb6 66.Kf2 Ka5 67.Nd5 Kb5 68.Ne3 Kb4 69.Kg3 Kb5 70.Kxg4 Kb4 71.Kf5 Kb5
72.Ke6 Kc6 73.Ke7 Kc7 74.Ke8 Kc8 75.Nd5 Kb7 76.Kd7 Ka6 77.Kc6 Ka5 78.Kc5 Ka6
79.Kc6 Ka5 80.Ne3 Kb4 81.Kb6 Ka4 82.Nd5 Kb3 83.Kb5 Kc2 84.Kc4 Kd1 85.Kd3 Ke1
86.Ndc3 Kf1 87.Nd1 Kg2 88.Ndf2 Kf3 89.Nh1 Kg4 90.Nhg3 Kf3 91.Kd2 Kf4 92.Ke2 Kg4
93.Ke3 Kh3 94.Nf5 Kg4 95.Ng7 Kh3 96.Nh5 Kg4 97.Nhg3 Kh3 98.Kf3 Kh4 99.Nf5+ Kh5
100.Ne7 Kh4 101.Nd5 Kh5 102.Kg3 Kh6 103.Kh4 Kg6 104.Kg4 Kh6 105.Ne7 Kg7 106.Kf5 Kh6
107.Ng8+ Kg7 108.Ngf6 Kf7 109.Nd5 Kg7 110.Ke6 Kh6 111.Kf6 Kh5 112.Ne3 Kh6
113.Ng3 Kh7 114.Nef5 Kg8 115.Ke7 e4 116.Nh5 e3 117.Nf6+ Kh8 118.Kf7  1-0

[Event "XV Asiad Men's Rapid"]
[Site "Doha QAT"]
[Date "2006.12.04"]
[Round "9"]
[White "Bu Xiangzhi"]
[Black "Kasimdzhanov,R"]
[Result "1/2-1/2"]
[WhiteElo "2671"]
[BlackElo "2672"]

1.c4 g6 2.Nc3 Bg7 3.g3 c5 4.Bg2 Nc6 5.Nf3 e6 6.O-O Nge7 7.a3 O-O 8.Rb1 d5
9.d3 b6 10.Bg5 h6 11.Bd2 Bb7 12.Qc1 Kh7 13.b4 cxb4 14.axb4 Rc8 15.c5 bxc5
16.bxc5 Ba8 17.Nb5 Nf5 18.Qa3 Qe7 19.e4 dxe4 20.dxe4 Nfd4 21.Nfxd4 Nxd4 22.Qxa7 Qxa7
23.Nxa7 Rc7 24.Nb5 Nxb5 25.Rxb5 Bd4 26.Rc1 Rfc8 27.Be3 Bxe3 28.fxe3 Bc6 29.Rb2 Kg7
30.Rbc2 Kf6 31.Ra1 Ke5 32.Ra5 Rd8 33.Kf2 Bxe4 34.Bxe4 Kxe4 35.c6 Rd5 36.Ra8 Kd3
37.Raa2 Rf5+ 38.Kg2 Kxe3 39.Rab2 Kd4 40.Rb7 Rxb7 41.cxb7 Rb5 42.Rc7 f5 43.Rh7 g5
44.Rxh6 e5 45.h4 Rb2+ 46.Kf1 f4 47.hxg5 f3 48.Ra6 e4 49.Ra4+ Ke5 50.Ra5+ Ke6
51.Ra6+ Kf5 52.Rf6+ Kg4 53.Rf4+ Kxg3 54.Rxe4 Rxb7 55.g6 Rb1+ 56.Re1 Rb2 57.g7 Rf2+
58.Kg1 Rg2+ 59.Kf1 Kf4 60.Re7  1/2-1/2

[Event "XV Asiad Classical"]
[Site "Doha QAT"]
[Date "2006.12.10"]
[Round "5"]
[White "Sadvakasov,D"]
[Black "Kasimdzhanov,R"]
[Result "1/2-1/2"]
[WhiteElo "2596"]
[BlackElo "2672"]

1.e4 e5 2.Nf3 Nc6 3.Bb5 a6 4.Ba4 Nf6 5.O-O Be7 6.Re1 b5 7.Bb3 d6 8.c3 O-O
9.h3 Re8 10.d4 Bb7 11.Nbd2 Bf8 12.d5 Nb8 13.Nf1 Nbd7 14.Ng3 Nc5 15.Bc2 c6
16.b4 Ncd7 17.dxc6 Bxc6 18.Bb3 Nb6 19.Bg5 Rc8 20.Nh2 h6 21.Bxf6 Qxf6 22.Ng4 Qg6
23.Nf5 h5 24.Nh4 Qg5 25.Nf3 Qd8 26.Ngh2 Bb7 27.h4 Nc4 28.Nf1 d5 29.Ng5 g6
30.exd5 Qxd5 31.Qxd5 Bxd5 32.Ne3 Nxe3 33.Rxe3 Bxb3 34.axb3 Rc6 35.Rd1 Rec8
36.Rd7 f6 37.Ne4 f5 38.Nc5 Bxc5 39.bxc5 Rxc5 40.Ra7 e4 41.Rxa6 Kf7 42.Rb6  1/2-1/2

[Event "Corsica Masters"]
[Site "Bastia FRA"]
[Date "2007.10.29"]
[Round "1.1"]
[White "Kasimdzhanov,R"]
[Black "Milov,L"]
[Result "1-0"]
[WhiteElo "2690"]
[BlackElo "2492"]

1.e4 d5 2.exd5 Qxd5 3.Nc3 Qa5 4.d4 Nf6 5.Bc4 Bg4 6.f3 Bd7 7.Ne2 e6 8.O-O Be7
9.Kh1 O-O 10.Bf4 b5 11.Bd3 c5 12.dxc5 Bxc5 13.a4 b4 14.Ne4 Nxe4 15.Bxe4 Bc6
16.Qd3 Bxe4 17.Qxe4 Nd7 18.Bg5 Rfe8 19.Rfd1 Nb6 20.Qg4 Nd5 21.Nd4 Bxd4 22.Rxd4 Rac8
23.Bh6 g6 24.Rd2 Qc5 25.Re1 Red8 26.Qh4 Rd7 27.h3 Rcc7 28.Qg3 Ne7 29.Rxd7 Rxd7
30.Qb8+ Nc8 31.Kh2 Qd6+ 32.Qxd6 Rxd6 33.Re4 a5 34.Rc4 Nb6 35.Rc5 f6 36.Rxa5 g5
37.Ra7 Nd7 38.a5 Kf7 39.Ra8 Kg6 40.Bf8 Nxf8 41.Rxf8 Rc6 42.Rb8 Rxc2 43.Rxb4 Rc6
44.Ra4 e5 45.a6 Rc8 46.a7 Rc7  1-0

[Event "38th Olympiad"]
[Site "Dresden GER"]
[Date "2008.11.23"]
[Round "10"]
[White "Kasimdzhanov,R"]
[Black "Ragger,M"]
[Result "1/2-1/2"]
[WhiteElo "2672"]
[BlackElo "2518"]

1.d4 d5 2.c4 c6 3.Nf3 Nf6 4.Nc3 e6 5.Bg5 dxc4 6.e4 b5 7.e5 h6 8.Bh4 g5 9.Nxg5 hxg5
10.Bxg5 Nbd7 11.exf6 Bb7 12.g3 Qb6 13.Bg2 O-O-O 14.O-O c5 15.d5 b4 16.Na4 Qb5
17.a3 exd5 18.axb4 cxb4 19.Be3 Nc5 20.Qg4+ Rd7 21.Nxc5 Bxc5 22.Bxc5 Qxc5
23.Rfe1 Rd8 24.Re7 Kc7 25.Rae1 Bc6 26.Qf4+ Kb6 27.Bh3 Rd6 28.Rxf7 d4 29.Re5 Rd5
30.Re6 d3 31.Bg4 d2 32.Bd1 Rf5 33.Qc7+ Kb5 34.Re3 Qd5 35.f3 Qd4 36.Re7 Bxf3
37.Bxf3 d1=Q+ 38.Bxd1 Qxd1+ 39.Re1 Qd4+ 40.Kh1 Qd5+ 41.Kg1 Qd4+ 42.Kh1 Qd5+
43.Kg1  1/2-1/2

[Event "3rd Georgi Agzamov Mem"]
[Site "Tashkent AZE"]
[Date "2009.03.20"]
[Round "5"]
[White "Kasimdzhanov,R"]
[Black "Iuldachev,S"]
[Result "1/2-1/2"]
[WhiteElo "2687"]
[BlackElo "2520"]

1.d4 d5 2.c4 e6 3.Nc3 c5 4.cxd5 exd5 5.Nf3 Nc6 6.g3 Nf6 7.Bg2 Be7 8.O-O O-O
9.Bg5 cxd4 10.Nxd4 h6 11.Be3 Re8 12.Rc1 Bf8 13.Na4 Bd7 14.Nc5 Nxd4 15.Bxd4 Bc6
16.Nd3 Bd6 17.e3 Ne4 18.a3 Qe7 19.Re1 a6 20.h4 Rad8 21.Qg4 g6 22.Nf4 h5 23.Qf3 Be5
24.Nd3 f6 25.Nb4 Qd6 26.Bxe5 Rxe5 27.Qd1 Be8 28.Qd4 Bf7 29.Nd3 Re7 30.Nc5 a5
31.Red1 Nxc5 32.Rxc5 a4 33.Bxd5 Kg7 34.Bxf7 Qxd4 35.Rxd4 Rxd4 36.exd4 Kxf7
37.Ra5 Re2 38.Rb5 Ke6 39.Rxb7 Kd5 40.Rb4 f5 41.Kg2 Ke4 42.Rxa4 Rxb2 43.Ra6 f4
44.gxf4 Kxf4 45.Rxg6 Rd2 46.a4 Rxd4 47.a5 Ra4 48.Rg5 Ra3 49.Rxh5 Kg4 50.Re5 Kxh4
51.f3 Rxa5  1/2-1/2

[Event "3rd Georgi Agzamov Mem"]
[Site "Tashkent AZE"]
[Date "2009.03.21"]
[Round "6"]
[White "Potapov,P"]
[Black "Kasimdzhanov,R"]
[Result "1/2-1/2"]
[WhiteElo "2414"]
[BlackElo "2687"]

1.e4 c6 2.d4 d5 3.exd5 cxd5 4.c4 Nf6 5.Nc3 e6 6.Nf3 Bb4 7.Bd2 O-O 8.Bd3 dxc4
9.Bxc4 b6 10.O-O Bb7 11.Re1 Nbd7 12.a3 Bxc3 13.Bxc3 Nd5 14.Bd2 N7f6 15.Ne5 Rc8
16.Qe2 Rc7 17.Rac1 Qd6 18.Bd3 Rfc8 19.Nc4 Qd8 20.Ne5 Ne7 21.Rxc7 Rxc7 22.Be3 h6
23.f3 Ned5 24.Bd2 Qc8 25.Qf2 Ba6 26.Bb1 Bb5 27.Qg3 Kf8 28.Ng4 Nxg4 29.fxg4 f6
30.Qd6+ Kf7 31.h4 Rc6 32.Qg3 g5 33.hxg5 hxg5 34.Be4 Qd7 35.Qh3 Kg8 36.Qh6 Qg7
37.Qh2  1/2-1/2

[Event "3rd Georgi Agzamov Mem"]
[Site "Tashkent AZE"]
[Date "2009.03.23"]
[Round "8"]
[White "Turaev,Hal"]
[Black "Kasimdzhanov,R"]
[Result "0-1"]
[WhiteElo "2334"]
[BlackElo "2687"]

1.d4 Nf6 2.Bg5 d6 3.Bxf6 exf6 4.e3 f5 5.g3 Nd7 6.Bg2 Nf6 7.c4 g6 8.Nc3 Bg7
9.Nge2 O-O 10.Qc2 Re8 11.h4 Rb8 12.Nf4 Ng4 13.O-O-O h5 14.Rhe1 c6 15.Bf3 Nf6
16.Kb1 Bd7 17.Rd2 Qe7 18.Rc1 a6 19.Qd1 b6 20.Qh1 Rec8 21.Rdc2 b5 22.c5 dxc5
23.dxc5 Qxc5 24.Ne4 Qxc2+ 25.Rxc2 fxe4 26.Bd1 c5 27.Rd2 c4 28.Bc2 Bf5 29.Nd5 Nxd5
30.Rxd5 b4 31.b3 cxb3 32.Bxb3 Be6 33.Rd6 Bxb3 34.axb3 Rc3 35.Qd1 Kh7 36.g4 Rb5
37.Rd5 hxg4 38.Rxb5 axb5 39.Qd5 Kg8 40.Qd8+ Bf8 41.Qd5 Rd3 42.Qxe4 Rxb3+
43.Kc1 Rc3+ 44.Kb1 b3 45.h5 gxh5 46.Qe8 b4 47.Qe5 Rc5 48.Qh2 Rd5 49.e4 Rg5
50.Kb2 Kg7 51.Kxb3 Kg6 52.Qb8 Bg7 53.Qg3 Be5 54.Qg2 h4 55.Kxb4 h3 56.Qh1 h2
57.Kc4 Rh5 58.Kd3 Rh3+ 59.Ke2 Kh5 60.Kf1 Ra3  0-1

[Event "3rd Georgi Agzamov Mem"]
[Site "Tashkent AZE"]
[Date "2009.03.24"]
[Round "9"]
[White "Kasimdzhanov,R"]
[Black "Ismagambetov,An"]
[Result "1/2-1/2"]
[WhiteElo "2687"]
[BlackElo "2523"]

1.d4 Nf6 2.c4 e6 3.Nf3 b6 4.g3 Bb7 5.Bg2 Be7 6.Nc3 Ne4 7.Bd2 f5 8.d5 Bf6
9.Qc2 O-O 10.Nxe4 fxe4 11.Qxe4 Re8 12.Qc2 exd5 13.O-O dxc4 14.Ng5 Bxg2 15.Qxh7+ Kf8
16.Qh5 Bxg5 17.Bxg5 Qc8 18.Kxg2 Qb7+ 19.Kg1 Qe4 20.Bf4 Nc6 21.Rad1 d6 22.f3 Qe6
23.Qb5 Ne7 24.e4 a6 25.Qh5 Qg6 26.Qh3 Rad8 27.Rf2 b5 28.Rfd2 Kg8 29.Qf1 Rf8
30.Kh1 Rde8 31.h4 Qf7 32.Rf2 Ng6  1/2-1/2

[Event "TCh-NED 2008-9"]
[Site "Netherlands NED"]
[Date "2009.05.10"]
[Round "9"]
[White "Fiebig,T"]
[Black "Kasimdzhanov,R"]
[Result "1/2-1/2"]
[WhiteElo "2405"]
[BlackElo "2679"]

1.e4 g6 2.d4 Bg7 3.Nf3 d6 4.h3 b6 5.Bd3 e6 6.O-O Ne7 7.Re1 Bb7 8.c3 O-O 9.Bf4 Nd7
10.Nbd2 a6 11.Qe2 Nc6 12.Qe3 Re8 13.Bg5 f6 14.Bh6 Qe7 15.a3 Nd8 16.Bxg7 Qxg7
17.e5 dxe5 18.dxe5 f5 19.Rad1 Nf7 20.Bc4 Nf8 21.Ng5 Nxg5 22.Qxg5 Rad8 23.f4 h6
24.Qg3 g5 25.Nf3 gxf4 26.Qxf4 b5 27.Bb3 Kh8 28.Nh4 Qg5 29.g3 Nd7 30.Ng2 Nc5
31.Bc2 Rg8 32.Rxd8 Rxd8 33.h4 Qg7 34.Qe3 Rg8 35.Re2 Nd7 36.Bb3 Nf8 37.Kh2 Bxg2
38.Rxg2 Ng6 39.Bxe6 Rf8 40.Rd2 Nxe5 41.Qf4 Ng6 42.Qd4 Ne5 43.Qf4 Ng6 44.Qd4 Ne5  1/2-1/2

[Event "LIII TCh-ESP CECLUB Gp1"]
[Site "Lugo ESP"]
[Date "2009.09.21"]
[Round "2"]
[White "Aleksandrov,A"]
[Black "Kasimdzhanov,R"]
[Result "1/2-1/2"]
[WhiteElo "2639"]
[BlackElo "2702"]

1.d4 Nf6 2.c4 e6 3.Nc3 Bb4 4.e3 O-O 5.Bd3 c5 6.Ne2 d5 7.cxd5 cxd4 8.exd4 Nxd5
9.O-O Nc6 10.Be4 Nf6 11.Bf3 h6 12.a3 Bd6 13.b4 e5 14.Bxc6 bxc6 15.dxe5 Bxe5
16.Bf4 Bxf4 17.Nxf4 a5  1/2-1/2

[Event "ch-FRA Rapid 2011"]
[Site "Nancy FRA"]
[Date "2011.03.13"]
[Round "9"]
[White "Fridman,D"]
[Black "Kasimdzhanov,R"]
[Result "1/2-1/2"]
[WhiteElo "2661"]
[BlackElo "2687"]

1.d4 Nf6 2.c4 e6 3.Nf3 d5 4.g3 Bb4+ 5.Bd2 Be7 6.Bg2 O-O 7.O-O c6 8.Qc2 a5
9.Bf4 b6 10.Nc3 dxc4 11.Bxb8 Rxb8 12.Ne5 Bb7 13.Rfd1 Qc7 14.Nxc4 Nd5 15.Ne5 Nb4
16.Qb3 Bf6 17.Ng4 Be7 18.Ne5 Rbd8 19.a3 Nd5 20.Nxd5 exd5 21.e4 dxe4 22.Bxe4 Bf6
23.f4 Rd6 24.Qc2 g6 25.d5 c5 26.Nc6 Re8 27.Bf3 Bxc6 28.dxc6 Bd4+ 29.Kg2 Rde6
30.Rd3 Re1 31.Rxe1 Rxe1 32.Rd1 Re3 33.Rd3 Rxf3 34.Rxf3 Qxc6 35.b3 b5 36.Qd2 a4
37.bxa4 bxa4 38.Qd3 Bb2 39.Qc4 Bxa3 40.f5 gxf5 41.Qd3 Bb4 42.Qxf5 Qg6 43.Qd5 a3
44.h4 h6 45.Re3 Kg7 46.Rf3 Qe6 47.Qa8 c4 48.Qa7 Qe2+ 49.Rf2 Qe4+ 50.Rf3 Qd5
51.g4 c3 52.Qb6 Qe4 53.Qf6+ Kg8 54.Qxf7+ Kh8 55.Qf6+ Kg8 56.Qf7+ Kh8 57.Qf6+  1/2-1/2

[Event "Rapid Match"]
[Site "Tashkent UZB"]
[Date "2011.03.27"]
[Round "1"]
[White "Anand,V"]
[Black "Kasimdzhanov,R"]
[Result "1/2-1/2"]
[WhiteElo "2817"]
[BlackElo "2687"]

1.e4 e5 2.Nf3 Nf6 3.Nxe5 d6 4.Nf3 Nxe4 5.d4 d5 6.Bd3 Nc6 7.O-O Be7 8.Nc3 Bf5
9.Re1 Nxc3 10.bxc3 Bxd3 11.cxd3 O-O 12.Rb1 Rb8 13.Rb2 b5 14.Rbe2 a5 15.h3 Bd6
16.Ne5 Bxe5 17.dxe5 d4 18.cxd4 Nxd4 19.Re4 f5 20.exf6 Qxf6 21.Bf4 Rbd8 22.Qd2 c5
23.Bg5 Qg6 24.Rg4 h5 25.Rg3 Nf5 26.Bxd8 Nxg3 27.Bxa5 Nf5 28.Qf4 Nd4 29.Qe4 Qf7
30.f3 Qxa2 31.Bb6 Rf5 32.Kh1 Qd5 33.Rc1 Ne6 34.Re1  1/2-1/2

[Event "Rapid Match"]
[Site "Tashkent UZB"]
[Date "2011.03.27"]
[Round "2"]
[White "Kasimdzhanov,R"]
[Black "Anand,V"]
[Result "0-1"]
[WhiteElo "2687"]
[BlackElo "2817"]

1.d4 Nf6 2.c4 e6 3.g3 d5 4.Bg2 Bb4+ 5.Bd2 Bxd2+ 6.Nxd2 O-O 7.Ngf3 b6 8.O-O Bb7
9.Ne5 Qe7 10.Rc1 Rd8 11.Qa4 Na6 12.c5 bxc5 13.dxc5 c6 14.Nb3 Qc7 15.f4 Nb8
16.Qa5 Rc8 17.Rfd1 Nbd7 18.Nxd7 Qxd7 19.e4 Qe7 20.e5 Nd7 21.Nd4 Kh8 22.Re1 g5
23.f5 g4 24.f6 Qf8 25.Re3 a6 26.Bf1 Qd8 27.Qxd8+ Rxd8 28.b4 a5 29.b5 Rdc8
30.a4 cxb5 31.c6 Bxc6 32.Rxc6 Rxc6 33.Nxc6 bxa4 34.Bb5 Nb6 35.Ra3 Rc8 36.Kf2 h5
37.Ke2 Kh7 38.Bd3+ Kh6 39.Nxa5 Nd7 40.Rxa4 Nxe5 41.Nb7 Kg5 42.Nd6 Rd8 43.Nb7 Rb8
44.Ra7 Kxf6 45.Ke3 Rc8 46.Ra3 Rc1 47.Nd6 Re1+ 48.Be2 Rh1 49.Ne8+ Ke7 50.Bb5 Nc4+
51.Bxc4 dxc4 52.Ng7 Rxh2 53.Ra7+ Kf8  0-1

[Event "1st Central Asia Cup"]
[Site "Tashkent UZB"]
[Date "2011.10.19"]
[Round "2.1"]
[White "Saidov,B"]
[Black "Kasimdzhanov,R"]
[Result "0-1"]
[WhiteElo "2350"]
[BlackElo "2678"]

1.e4 e5 2.Nf3 Nc6 3.Bc4 Bc5 4.c3 Nf6 5.d4 exd4 6.cxd4 Bb4+ 7.Bd2 Bxd2+ 8.Nbxd2 d5
9.exd5 Nxd5 10.Qb3 Nce7 11.O-O O-O 12.Rfe1 c6 13.Ne4 Nb6 14.Bd3 Ned5 15.Nc5 g6
16.Rac1 Kg7 17.Bb1 Rb8 18.Ne5 Qh4 19.Qg3 Qxg3 20.hxg3 Rd8 21.a3 Nc7 22.Ba2 Nbd5
23.Bc4 Ne6 24.Rcd1 a5 25.f3 Nxc5 26.dxc5 Be6 27.Kf2 Ra8 28.Rd4 a4 29.Red1 Ra5
30.Nd3 h5 31.Bxd5 Rxd5 32.Rxd5 Bxd5 33.Rc1 Kf6 34.Ke3 Ra8 35.Nf4 Re8+ 36.Kd2 Bb3
37.Ne2 Rd8+ 38.Ke3 Re8+ 39.Kd2 Rd8+ 40.Ke3 Ke5 41.Nc3 f5 42.Ne2 Kf6 43.Nd4 Bd5
44.Kd3 g5 45.Rh1 Bf7 46.g4 fxg4  0-1